[Event "AUTO-OPEN-4152"]
[Site "http://www.queenalice.com/game.php?id=1604692"]
[Date "2020.3.28"]
[Round "1"]
[White "AloizioCdeAndrade"]
[Black "ratorei"]
[Result "0-1"]
[WhiteElo "1100"]
[BlackElo "2109"]

1. e4 c5 2. Nf3 d6 3. Bc4 Nf6 4. Nc3 Nbd7 5. Ng5 e6 6. O-O a6 7. d3 b5 8. Bxe6
fxe6 9. Nxe6 Qb6 10. Qf3 Bb7 11. Nxf8 Nxf8 12. Bg5 N8d7 13. Qg3 O-O 14. Bh6 Nh5
15. Qg4 Ndf6 16. Qe6+ Kh8 17. Bg5 Rae8 18. Qh3 h6 19. Bxf6 Nxf6 20. Ne2 Bc8 21.
Qg3 d5 22. e5 Ng4 23. h3 Nxe5 24. c3 Rf5 25. d4 Nc4 26. Nf4 cxd4 27. Nxd5 Rxd5
28. b3 Rg5 29. Qh2 Nd2 30. Rfd1 Nf3+ 31. Kh1 Nxh2 32. Kxh2 dxc3 33. Rac1 Qxf2
34. Rg1 Qg3+ 35. Kh1 Bb7 36. Rc2 Qxh3# 0-1

[Event "AUTO-OPEN-4152"]
[Site "http://www.queenalice.com/game.php?id=1604715"]
[Date "2020.3.28"]
[Round "1"]
[White "AloizioCdeAndrade"]
[Black "pomar"]
[Result "0-1"]
[WhiteElo "1100"]
[BlackElo "2087"]

1. e4 e6 2. Nf3 c5 3. Bc4 a6 4. O-O b5 5. Bd3 Bb7 6. b3 Nc6 7. c4 Nb4 8. Be2
Bxe4 9. d3 Bg6 10. Ne5 Nf6 11. Nxg6 hxg6 12. a3 Qc7 13. g3 Nc6 14. cxb5 axb5 15.
Nc3 Qb7 16. Bf3 d5 17. Be2 d4 18. Nb1 Bd6 19. Bf3 Nd7 20. Nd2 Nde5 21. Bxc6+
Qxc6 22. Ne4 Be7 23. Bf4 Nd7 24. Qd2 f5 25. Ng5 e5 26. Rfe1 exf4 27. Qxf4 Kf8
28. Ne6+ Kf7 29. Nxg7 Bd6 30. Qg5 Kxg7 31. Rec1 Rxh2 32. Kf1 Qg2+ 33. Ke1 Qxf2+
0-1

[Event "AUTO-OPEN-4152"]
[Site "http://www.queenalice.com/game.php?id=1604716"]
[Date "2020.3.28"]
[Round "1"]
[White "pomar"]
[Black "AloizioCdeAndrade"]
[Result "0-1"]
[WhiteElo "2114"]
[BlackElo "1100"]

1. f3 e5 2. Kf2 Bc5+ 3. e3 Nf6 4. c4 O-O 5. d4 exd4 6. exd4 Bb6 7. b4 c6 8. Nc3
d5 9. c5 Bc7 10. Bd3 b6 11. g3 Nbd7 12. Be3 Nb8 13. Nge2 Nbd7 14. Re1 b5 15. Kg2
Qe7 16. Bg5 h6 17. Nf4 Qd8 18. Bxf6 Nxf6 19. Re3 Nh7 20. Bxh7+ Kxh7 21. Qd3+ Kg8
22. Nce2 Qg5 23. h4 Qf6 24. Re1 a5 25. a3 Bf5 26. Qd2 a4 27. Nh5 Qd8 28. g4 Bg6
29. Nef4 Bxh5 30. Nxh5 Qxh4 31. Re7 Qh2+ 0-1

[Event "AUTO-OPEN-4152"]
[Site "http://www.queenalice.com/game.php?id=1604717"]
[Date "2020.3.28"]
[Round "1"]
[White "AloizioCdeAndrade"]
[Black "ggteste1"]
[Result "0-1"]
[WhiteElo "1100"]
[BlackElo "1572"]

1. e4 e5 2. Nf3 Nc6 3. Bc4 h6 4. Nc3 Nf6 5. O-O Be7 6. d3 O-O 7. Bb5 d5 8. Bxc6
bxc6 9. Nxe5 c5 10. Nc6 Qe8 11. Nxe7+ Qxe7 12. exd5 Ng4 13. h3 Ne5 14. Re1 Qf6
15. Ne4 Qg6 16. Nxc5 Bxh3 17. g3 Rae8 18. Bf4 Ng4 19. Rxe8 Rxe8 20. Qd2 Qf5 21.
c4 c6 22. Nb7 Qf6 23. Rb1 cxd5 24. cxd5 Qd4 25. Nd6 Qxd5 26. Ne4 Rxe4 27. f3
Qc5+ 28. Kh1 Nf2+ 29. Kh2 Re8 30. d4 Qf5 31. Rc1 Nd3 32. Rc3 Nb4 33. Ra3 Kh7 34.
Qxb4 Re2+ 35. Kg1 Qb1+ 0-1

[Event "Challenge"]
[Site "http://www.queenalice.com/game.php?id=1605653"]
[Date "2020.4.3"]
[Round "-"]
[White "Fagundes"]
[Black "AloizioCdeAndrade"]
[Result "0-1"]
[WhiteElo "1307"]
[BlackElo "1100"]

1. e4 e5 2. Nf3 Nc6 3. Bc4 Nf6 4. Nc3 Bb4 5. Ng5 d5 6. Bxd5 Nxd5 7. Nxd5 O-O 8.
Qh5 h6 9. Nf3 b6 10. a3 Bc5 11. Nxe5 Nd4 12. O-O Nxc2 13. Rb1 Be6 14. Nc6 Qd7
15. Ne5 Qd8 16. Nf4 Ba2 17. d3 Bxb1 18. Qf3 Nd4 19. Qg3 Qe7 20. Nc6 Nxc6 21. Ne2
Rad8 22. Bxh6 Qf6 23. Bg5 Qd6 24. e5 Qxd3 25. Qh4 Rd5 26. Nf4 Qc2 27. Nxd5 Ba2
28. Be7 Nxe7 29. Nf4 Bc4 30. Re1 Qd2 31. Rf1 Bxf1 32. Kxf1 Qd1# 0-1

[Event "Let's Play Chess!"]
[Site "http://www.queenalice.com/game.php?id=1608671"]
[Date "2020.4.22"]
[Round "-"]
[White "igorjava"]
[Black "AloizioCdeAndrade"]
[Result "0-1"]
[WhiteElo "1952"]
[BlackElo "1300"]

1. e4 e5 2. f4 exf4 3. Nf3 Nf6 4. e5 Nd5 5. c4 Nb6 6. d4 d5 7. c5 Nc4 8. Bxc4
dxc4 9. Bxf4 c6 10. Nc3 b5 11. a3 Bg4 12. O-O Be7 13. Qd2 O-O 14. Ne4 Bf5 15.
Nd6 Bxd6 16. exd6 Qf6 17. Bg5 Qe6 18. Rae1 Qd7 19. Re7 Qc8 20. Rc7 Qa6 21. Be7
Re8 22. Ne5 Be6 23. Qg5 h6 24. Qe3 Qa4 25. Qc3 Na6 26. Nxc6 Nxc7 27. dxc7 Rac8
28. Bd6 Bd5 29. Ne7+ Rxe7 30. Bxe7 Rxc7 31. Bd6 Rd7 32. Re1 Rd8 33. h3 Qa6 34.
Re7 Qc6 35. Qd2 Re8 36. Rxa7 Re6 37. Rc7 Qe8 38. Be5 f6 39. Bd6 Re2 40. Qf4
Rxg2+ 41. Kf1 Qe2# 0-1

[Event "Let's Play Chess!"]
[Site "http://www.queenalice.com/game.php?id=1608710"]
[Date "2020.4.22"]
[Round "-"]
[White "charles31"]
[Black "AloizioCdeAndrade"]
[Result "0-1"]
[WhiteElo "1673"]
[BlackElo "1253"]

1. d4 e6 2. e4 Nc6 3. Nc3 e5 4. d5 Nd4 5. Be3 Bc5 6. Bxd4 Bxd4 7. Nf3 Bxc3+ 8.
bxc3 Nf6 9. Bd3 d6 10. h3 O-O 11. g4 c5 12. c4 Qa5+ 13. Nd2 Nd7 14. a4 Nb6 15.
O-O Bd7 16. Nb3 Qb4 17. Qd2 Qxd2 18. Nxd2 Bxa4 19. f4 exf4 20. Rxf4 Bd7 21. Re1
Na4 22. Rb1 b6 23. Rb3 a6 24. Nf3 Rab8 25. Nh4 b5 26. cxb5 axb5 27. Be2 c4 28.
Rb4 Nc3 29. Rf2 Nxe4 30. Rf4 Nc3 31. Rf2 Nxd5 32. Rb1 Nc3 33. Bf3 Nxb1 34. Nf5
Bxf5 35. gxf5 Rfe8 0-1

[Event "Let's Play Chess!"]
[Site "http://www.queenalice.com/game.php?id=1608733"]
[Date "2020.4.22"]
[Round "-"]
[White "paolop69"]
[Black "AloizioCdeAndrade"]
[Result "1/2-1/2"]
[WhiteElo "1685"]
[BlackElo "1300"]

1. e4 e5 2. Bc4 Nf6 3. d3 Bc5 4. h3 O-O 5. Nf3 Nc6 6. c3 d5 7. exd5 Nxd5 8. Bg5
Be7 9. Bxe7 Ndxe7 10. Qe2 Ng6 11. g3 a6 12. Nbd2 b5 13. Bb3 Qd6 14. O-O Bxh3 15.
Rfe1 Bf5 16. Ne4 Bxe4 17. dxe4 Na5 18. Rad1 Qe7 19. Bd5 c6 20. Bb3 Nxb3 21. axb3
Qe6 22. b4 h6 23. Kh2 Rfd8 24. Rxd8+ Rxd8 25. Rd1 Rc8 26. Qd3 Qf6 27. Kg2 Kh7
28. Qd6 Qxd6 29. Rxd6 f6 30. Nh4 Nxh4+ 31. gxh4 Kg8 32. Kg3 Kf7 33. Rd7+ Kf8 34.
Kg4 g5 35. hxg5 fxg5 36. Rd6 Kg7 37. Kh5 Rf8 38. Rxc6 Rxf2 39. Rc7+ Kg8 40. Kg6
g4 41. Rc8+ Rf8 42. Rc6 g3 43. Rd6 g2 44. Rd1 Kh8 45. Kxh6 Rg8 46. Rg1 Rg7 47.
Kh5 Kh7 48. Kh4 Kh6 49. Kh3 Kh5 50. Rxg2 Rxg2 51. Kxg2 Kg4 52. Kf2 Kf4 53. Ke2
Kxe4 54. b3 Kf4 55. c4 bxc4 56. bxc4 Ke4 57. c5 Kd5 58. Ke3 e4 59. Kd2 a5
1/2-1/2

[Event "Challenge"]
[Site "http://www.queenalice.com/game.php?id=1609398"]
[Date "2020.4.26"]
[Round "-"]
[White "JoseMessias"]
[Black "AloizioCdeAndrade"]
[Result "0-1"]
[WhiteElo "1609"]
[BlackElo "1161"]

1. e4 e5 2. d4 exd4 3. Qxd4 Nc6 4. Qd1 Bb4+ 5. c3 Ba5 6. b4 Bb6 7. a4 a5 8. b5
Ne5 9. f4 Ng6 10. f5 Ne5 11. Bf4 Qe7 12. Nf3 Nxf3+ 13. Qxf3 Nf6 14. Bd3 d5 15.
Nd2 Bxf5 16. Bg5 Be6 17. Bxf6 gxf6 18. Qf4 Bd7 19. O-O-O Qa3+ 20. Kb1 Qxc3 21.
Bc2 Bd4 22. Qxc7 Qb2# 0-1

[Event "Challenge"]
[Site "http://www.queenalice.com/game.php?id=1609404"]
[Date "2020.4.26"]
[Round "-"]
[White "AloizioCdeAndrade"]
[Black "JoseMessias"]
[Result "1-0"]
[WhiteElo "1253"]
[BlackElo "1614"]

1. e4 e5 2. Nf3 Nc6 3. Bc4 Nf6 4. Nc3 Nd4 5. Ng5 d5 6. Nxd5 Be6 7. Nxf6+ gxf6 8.
Nxe6 fxe6 9. c3 Nc6 10. Bxe6 Qd6 11. Qh5+ Kd8 12. Qf5 Bg7 13. Qg4 Bf8 14. O-O
Ne7 15. Qh3 Ng6 16. Bf5 Nf4 17. Qe3 Bh6 18. Qf3 Rg8 19. g3 Rg7 20. Kh1 Nh3 21.
Bxh3 Ke7 22. d3 Bxc1 23. Rfxc1 c5 24. Rd1 Rag8 25. Bf5 b5 26. Qe3 h5 27. b4 Rc8
28. Bxc8 Qc6 29. Bf5 Kd6 30. bxc5+ Qxc5 31. Qxc5+ Kxc5 32. d4+ Kc4 33. Rac1 a5
34. d5 Kc5 35. d6 Rg8 36. d7 Rd8 37. Rd5+ Kc6 38. Rcd1 b4 39. cxb4 axb4 40. Rd6+
Kc5 41. R1d5+ Kc4 42. Rc6# 1-0

[Event "Challenge"]
[Site "http://www.queenalice.com/game.php?id=1609746"]
[Date "2020.4.28"]
[Round "-"]
[White "kd4hls"]
[Black "AloizioCdeAndrade"]
[Result "0-1"]
[WhiteElo "1025"]
[BlackElo "1161"]

1. d4 e6 2. Bf4 Nf6 3. e3 Bb4+ 4. c3 Ba5 5. Bd3 Nc6 6. Nf3 O-O 7. O-O Nh5 8. Ne5
Nxf4 9. exf4 Nxe5 10. fxe5 d6 11. Re1 dxe5 12. Rxe5 Bb6 13. Qc2 g6 14. Re1 Re8
15. Na3 Qg5 16. Nb5 a6 17. Re5 Qf6 18. Na3 c5 19. Nc4 Ba7 20. Rae1 cxd4 21. Nd6
Rd8 22. Nc4 dxc3 23. bxc3 b5 24. Na5 Rd5 25. Rxd5 exd5 26. Nb3 Be6 27. Nd2 Qxf2+
0-1

[Event "AUTO-BEG-670"]
[Site "http://www.queenalice.com/game.php?id=1609769"]
[Date "2020.4.28"]
[Round "1"]
[White "AloizioCdeAndrade"]
[Black "Gael"]
[Result "1-0"]
[WhiteElo "1330"]
[BlackElo "1038"]

1. e4 e5 2. Nf3 Nc6 3. Bc4 Nf6 4. Nc3 Bb4 5. Qe2 O-O 6. a3 Bc5 7. O-O d6 8. h3
Bd7 9. d3 Be6 10. Bxe6 fxe6 11. Bg5 Na5 12. b4 h6 13. Bxf6 gxf6 14. bxc5 dxc5
15. Nh4 f5 16. Ng6 Rf6 17. Qh5 Kg7 18. Nxe5 Kf8 19. Ng6+ Kg7 20. exf5 Qf8 21.
Ne5 exf5 22. Nd7 Qd8 23. Nxf6 Nc6 24. Nfd5 Ne7 25. Nxe7 Qxe7 26. Nd5 Qe5 27. Ne3
Qc3 28. Nxf5+ Kf6 29. Rfe1 b5 30. Nxh6 b4 31. Qf5+ Kg7 32. Qg5+ Kh7 33. Re7+ Kh8
34. Nf7+ Kh7 35. Ne5+ Kh8 36. Qg7# 1-0

[Event "AUTO-BEG-670"]
[Site "http://www.queenalice.com/game.php?id=1609770"]
[Date "2020.4.28"]
[Round "1"]
[White "Gael"]
[Black "AloizioCdeAndrade"]
[Result "0-1"]
[WhiteElo "1076"]
[BlackElo "1322"]

1. e4 e5 2. Nf3 Nc6 3. Nc3 Nf6 4. Bc4 h6 5. O-O Bc5 6. d3 d6 7. Bd2 O-O 8. Nd5
Nxd5 9. Bxd5 Nb4 10. Be3 Bxe3 11. fxe3 Nxd5 12. exd5 Bg4 13. c4 Qd7 14. d4 e4
15. Rc1 exf3 16. gxf3 Bh5 17. f4 Bxd1 18. Rcxd1 Qg4+ 19. Kf2 Qh4+ 20. Kg2 Rfe8
21. e4 Rxe4 22. c5 Re2+ 23. Kh1 Qxh2# 0-1

[Event "AUTO-BEG-670"]
[Site "http://www.queenalice.com/game.php?id=1609771"]
[Date "2020.4.28"]
[Round "1"]
[White "AloizioCdeAndrade"]
[Black "goodknight57"]
[Result "1-0"]
[WhiteElo "1428"]
[BlackElo "1627"]

1. e4 c5 2. Nf3 d6 3. Bc4 e6 4. Nc3 Nf6 5. d3 Be7 6. O-O O-O 7. Bf4 Nc6 8. Re1
d5 9. exd5 exd5 10. Bb5 d4 11. Ne4 Nxe4 12. Rxe4 Bf5 13. Re1 Bd6 14. Bxc6 bxc6
15. Bxd6 Qxd6 16. Re5 Bg4 17. Re4 f5 18. Re1 Bxf3 19. Qxf3 Qd5 20. Qf4 Rae8 21.
c4 1-0

[Event "AUTO-BEG-670"]
[Site "http://www.queenalice.com/game.php?id=1609772"]
[Date "2020.4.28"]
[Round "1"]
[White "goodknight57"]
[Black "AloizioCdeAndrade"]
[Result "0-1"]
[WhiteElo "1656"]
[BlackElo "1371"]

1. e4 e5 2. Nf3 Nc6 3. d4 exd4 4. Nxd4 Nf6 5. Nxc6 bxc6 6. Bd3 Bc5 7. O-O O-O 8.
Nc3 d5 9. e5 Nd7 10. Re1 Qh4 11. Qf3 Qe7 12. Qe2 Bd4 13. e6 fxe6 14. Bxh7+ Kxh7
0-1

[Event "Let's Play Chess!"]
[Site "http://www.queenalice.com/game.php?id=1614704"]
[Date "2020.5.31"]
[Round "-"]
[White "AloizioCdeAndrade"]
[Black "charles31"]
[Result "1-0"]
[WhiteElo "1402"]
[BlackElo "1600"]

1. e4 e5 2. Nf3 d6 3. Bc4 h6 4. Nc3 Nf6 5. d4 exd4 6. Nxd4 Bg4 7. f3 Bh5 8. O-O
Nc6 9. Bb5 Qd7 10. Re1 a6 11. Bxc6 bxc6 12. e5 Nd5 13. exd6+ Kd8 14. dxc7+ Kxc7
15. Nxd5+ Qxd5 16. Bf4+ Kb7 17. Re5 Qc4 18. Rxh5 Bc5 19. c3 g5 20. Be3 Rad8 21.
Kh1 f5 22. Qe1 f4 23. Bg1 Bb6 24. b3 Qf7 25. Rh3 h5 26. Rd1 Rhe8 27. Qf1 Re7 28.
Nc2 Rxd1 29. Qxd1 Bxg1 30. Kxg1 Qg6 31. g3 g4 32. fxg4 hxg4 33. Rh4 fxg3 34.
Rxg4 gxh2+ 35. Kxh2 Rh7+ 36. Kg3 Qf5 37. Nd4 Qe5+ 38. Kg2 Qh2+ 39. Kf3 Rf7+ 40.
Ke3 c5 41. Nc2 Qf2+ 42. Ke4 Re7+ 43. Kd3 Rd7+ 44. Nd4 cxd4 45. Rxd4 Qg3+ 46. Kc2
Qf2+ 47. Rd2 Qf5+ 48. Kb2 Rc7 49. a4 Qf6 50. Qc2 a5 51. Qe4+ Ka6 52. Qa8+ Ra7
53. Qc8+ Rb7 54. Qc4+ Ka7 55. Qc5+ Rb6 56. Rd7+ Ka6 57. Qc4+ 1-0

[Event "Let's Play Chess!"]
[Site "http://www.queenalice.com/game.php?id=1614712"]
[Date "2020.5.31"]
[Round "-"]
[White "paolop69"]
[Black "AloizioCdeAndrade"]
[Result "0-1"]
[WhiteElo "1680"]
[BlackElo "1335"]

1. e4 e5 2. Bc4 Nf6 3. d3 h6 4. h3 Bc5 5. Nf3 Nc6 6. c3 d6 7. b4 Bb6 8. Nh4 Nxe4
9. Nf3 Nxf2 10. Qe2 Nxh1 11. Be3 Ng3 12. Bb5 Nxe2 13. Kxe2 Bxe3 14. Kxe3 O-O 15.
Kd2 a6 16. Bxc6 bxc6 0-1

[Event "Gül Öztürk ​"]
[Site "http://www.queenalice.com/game.php?id=1616575"]
[Date "2020.6.14"]
[Round "-"]
[White "zubarev"]
[Black "AloizioCdeAndrade"]
[Result "0-1"]
[WhiteElo "1654"]
[BlackElo "1453"]

1. d4 d5 2. Nc3 Nf6 3. Nf3 Bf5 4. e3 a6 5. Bd3 Bg4 6. O-O e6 7. Be2 Bb4 8. Bd2
O-O 9. Ne5 Bxe2 10. Qxe2 Bxc3 11. Bxc3 Ne4 12. Qd3 Nd7 13. f4 Nxe5 14. dxe5 Nc5
15. Qe2 c6 16. Rf3 b5 17. Bb4 Qb6 18. f5 exf5 19. Rxf5 Rfe8 20. Qf3 Ra7 21. Rf1
Ree7 22. Qg4 Re6 23. Rg5 g6 24. Qd4 Nd7 25. Bd6 Qxd4 26. exd4 Nb6 27. Bc5 Rb7
28. Rf6 Rxf6 29. exf6 Nd7 30. Be7 Nb6 31. Re5 Nc4 32. Re1 Nxb2 33. Ba3 h5 34.
Bxb2 b4 35. Bc1 a5 36. Re8+ Kh7 37. Re7 Rb6 38. Rxf7+ Kg8 39. Rg7+ Kf8 40. Kf2
c5 0-1